Latin Verb Conjugations - Indicative Active & Passive - Statistics

General Stats
  • This quiz has been taken 13 times
  • The average score is 54 of 84
Answer Stats
Hint Answer % Correct
- bam
100%
- bamus
100%
- bant
100%
- bas
100%
- bat
100%
- batis
100%
- bimus
100%
- bis
100%
- bit
100%
- bitis
100%
- bo
100%
- bunt
100%
- erunt
100%
- i
100%
- imus
100%
- isti
100%
- istis
100%
- it
100%
- mus
100%
- nt
100%
1ˢᵗ o
100%
2ⁿᵈ s
100%
3ʳᵈ t
100%
- tis
100%
- am
75%
- bamini
75%
- bamur
75%
- bantur
75%
- bar
75%
- baris
75%
- batur
75%
- beris
75%
- bimini
75%
- bimur
75%
- bitur
75%
emini
75%
emur
75%
- emus
75%
- ent
75%
entur
75%
- eram
75%
- eramus
75%
- erant
75%
- eras
75%
- erat
75%
- eratis
75%
eris
75%
- es
75%
- et
75%
- etis
75%
etur
75%
- mini
75%
- mur
75%
- ntur
75%
- r
75%
- ris
75%
- tur
75%
ar
50%
- bor
50%
- buntur
50%
- erimus
50%
- erint
50%
- eris
50%
- erit
50%
- eritis
50%
- ero
50%
- tus eram
25%
- tus eras
25%
- tus erat
25%
- ti eramus
0%
- ti erant
0%
- ti eratis
0%
- ti erimus
0%
- ti eritis
0%
- ti erunt
0%
- ti estis
0%
- ti sumus
0%
- ti sunt
0%
- tus eris
0%
- tus erit
0%
- tus ero
0%
- tus es
0%
- tus est
0%
- tus sum
0%
No matching quizzes found
Score Distribution
Percent of People with Each Score
Percentile by Number Answered
Your Score History
You have not taken this quiz